Основные черты геохимии редких элементов в гранитоидных расплавах и растворах

Библиографические подробности
Главный автор: Косалс Я. А. Ян Августович
Автор-организация: Академия наук СССР (АН СССР) Сибирское отделение (СО) Институт геологии и геофизики (ИГиГ)
Другие авторы: Щербаков Ю. Г. Юрий Гаврилович (редактор)
Примечания:В монографии обобщены современные экспериментальные данные и представления о структуре силикатных расплавов, режиме породообразующих элементов, растворимости и роли Н2О, F, CI, СО2 и других летучих компонентов и ликвации в гранитоидных расплавах в зависимости от состава, щёлочности, температуры и давления. На основе обобщения данных по химии комплексных соединений Ве, В, Мо, W, Sn, Nb, Та и термодинамических расчётов показано существование их в расплавах в виде ассоциированных групп, не разрывающих кремнекислородную сетку. Рассмотрена эволюция состава растворов и комплексных соединений в зависимости от Р-Т условий, рН, активности компонентов и др. Проанализировано влияние градиента давления на скорость кристаллизации расплавов, время отделения и состав растворов и их эволюция при формировании многофазных интрузий, а также генезис редкометального оруденения. Книга рассчитана на широкий круг геологов, геохимиков, минералогов и специалистов по рудным месторождениям
Язык:русский
Опубликовано: Новосибирск, Наука, 1976
Серии:Труды Института геологии и геофизики Вып. 256
Предметы:
Формат: MixedMaterials Книга
Запись в KOHA:https://koha.lib.tpu.ru/cgi-bin/koha/opac-detail.pl?biblionumber=377418

MARC

LEADER 00000nam0a2200000 4500
001 377418
005 20231102012920.0
035 |a (RuTPU)RU\TPU\retro\34869 
035 |a RU\TPU\retro\34779 
090 |a 377418 
100 |a 20230309d1976 k y0rusy50 ca 
101 0 |a rus 
102 |a RU 
105 |a a z 001zy 
200 1 |a Основные черты геохимии редких элементов в гранитоидных расплавах и растворах  |f Я. А. Косалс  |g Академия наук СССР (АН СССР), Сибирское отделение (СО), Институт геологии и геофизики (ИГиГ) ; отв. ред. Ю. Г. Щербаков 
210 |a Новосибирск  |c Наука  |d 1976 
215 |a 232 с.  |c ил. 
225 1 |a Труды Института геологии и геофизики  |v Вып. 256 
320 |a Библиогр.: с. 211-232. 
330 |a В монографии обобщены современные экспериментальные данные и представления о структуре силикатных расплавов, режиме породообразующих элементов, растворимости и роли Н2О, F, CI, СО2 и других летучих компонентов и ликвации в гранитоидных расплавах в зависимости от состава, щёлочности, температуры и давления. На основе обобщения данных по химии комплексных соединений Ве, В, Мо, W, Sn, Nb, Та и термодинамических расчётов показано существование их в расплавах в виде ассоциированных групп, не разрывающих кремнекислородную сетку. Рассмотрена эволюция состава растворов и комплексных соединений в зависимости от Р-Т условий, рН, активности компонентов и др. Проанализировано влияние градиента давления на скорость кристаллизации расплавов, время отделения и состав растворов и их эволюция при формировании многофазных интрузий, а также генезис редкометального оруденения. Книга рассчитана на широкий круг геологов, геохимиков, минералогов и специалистов по рудным месторождениям 
606 1 |a Редкие элементы  |x Геохимия  |2 stltpush  |3 (RuTPU)RU\TPU\subj\24247  |9 48650 
610 1 |a гранитоиды 
610 1 |a геология 
610 1 |a исследования 
610 1 |a расплавы 
610 1 |a растворы 
610 1 |a силикатные расплавы 
610 1 |a породообразующие элементы 
610 1 |a рудные месторождения 
675 |a 550.42:546.3  |v 4 
700 1 |a Косалс  |b Я. А.  |g Ян Августович 
702 1 |a Щербаков  |b Ю. Г.  |g Юрий Гаврилович  |4 340 
712 0 2 |a Академия наук СССР (АН СССР)  |b Сибирское отделение (СО)  |b Институт геологии и геофизики (ИГиГ)  |c (Новосибирск)  |2 stltpush  |3 (RuTPU)RU\TPU\col\128 
801 1 |a RU  |b 63413507  |c 20150929 
801 2 |a RU  |b 63413507  |c 20230309  |g RCR 
942 |c BK